000 01044nam a22003257a 4500
003 CHAP
005 20220329141651.0
008 971013s1972 r 00010 d
010 _a71906
011 _a72878
035 _a82434
040 _cCHAP
082 _a104
_bG3
100 0 0 _aGaos, José.
_945578
245 _aDe la filosofía
260 _aMéxico, D.F. :
_bFondo de Cultura Económica,
_c1972
300 _a474 p.
490 _aFondo de Cultura Económica. Publicaciones de Dianoia
590 _aBATCH-UPD
_b10
_c20130110
_lUCH01
_h0508
590 _aBATCH-UPD
_b10
_c20130110
_lUCH01
_h2259
590 _aBATCH-UPD
_b10
_c20130410
_lUCH01
_h0146
590 _aBATCH-UPD
_b10
_c20130410
_lUCH01
_h1552
590 _aBATCH-UPD
_b10
_c20130914
_lUCH01
_h1407
590 _aCONVERSION
_b10
_c20130109
_lUCH01
_h1339
650 1 4 _aFilosofía.
_940890
830 0 _aFondo de Cultura Económica. Publicaciones de Dianoia
_942101
901 _aBK
942 _cLIBRO
949 _a104 G3
_bBC
_cLIBRO
_d33724000299095
_eLIBRO
_h40321
_i82434
_mD
_si
999 _c71906
_d71906